000 00508nam a2200193Ia 4500
005 20250326145423.0
008 250326s9999 xx 000 0 und d
037 _aTextbook
040 _aFMSL
_beng
_cFMSL
041 _aeng
_2eng
084 _qFMSL
100 _aBanerjee A
_926944
245 0 _aManagement essentials: recipe for business success
_cBanerjee A
260 _aNew Delhi
_bNew Delhi, Sage
_c2013
365 _b350
650 _aManagement
942 _cTB
999 _c1307519
_d1307519